000 00902nam a2200229Ia 4500
999 _c20406
_d20406
003 OSt
005 20211023161806.0
008 160316s2002 xxu||||| |||| 00| 0 eng d
020 _a9781842770702
040 _cn
082 _a331.210000
_bMUN
100 _aMunck Ronald
245 _aGlobalisation and labour : The new great transformation
260 _aDelhi
_bMadhyam Books
_c2002
300 _a216p
_cv
365 _b Rs.250
505 _aTable of contents 1. Labour in the Global; 2. The 'Golden Era'; 3. The Era of Globalisation; 4. Workers North; 5. Workers South; 6. The 'Old' Internationalism; 7. The New Internationalism; 8. Results and Prospects
650 _a1. International Labor Activities.2. Globalization.
700 _a
_a
856 _uhttps://www.google.co.in/books/edition/Globalisation_and_Labour/vNJtE4lQ0kMC?hl=en&gbpv=1&printsec=frontcover
942 _2ddc
_cBK